Loading...
| LEADER | 00399nam a2200133Ia 4500 | ||
|---|---|---|---|
| 008 | 200122s9999||||xx |||||||||||||| ||und|| | ||
| 080 | |a 575.1 |b GLO-G | ||
| 100 | |a Glover,I R L | ||
| 245 | 0 | |a Genes and Embryos | |
| 260 | |b , | ||
| 650 | |a Genetics-- Biology | ||
| 942 | |c BK | ||
| 999 | |c 260745 |d 260745 | ||
| 952 | |0 0 |1 0 |4 0 |6 575_100000000000000_GLOG |7 0 |9 276956 |a BCH |b BCH |l 0 |o 575.1 GLO-G |p BCH1850 |r 2020-01-24 |w 2020-01-24 |y BK | ||